The public services yearbook. (Record no. 28882)

MARC details
000 -LEADER
fixed length control field 01164nam a22003255i 4500
003 - CONTROL NUMBER IDENTIFIER
control field EG-ScBUE
005 - DATE AND TIME OF LATEST TRANSACTION
control field 20201001114213.0
008 - FIXED-LENGTH DATA ELEMENTS--GENERAL INFORMATION
fixed length control field 200219s1995 enk f by 001 0 eng d
020 ## - INTERNATIONAL STANDARD BOOK NUMBER
International Standard Book Number 0412627302
020 ## - INTERNATIONAL STANDARD BOOK NUMBER
International Standard Book Number 9780412627309
040 ## - CATALOGING SOURCE
Original cataloging agency EG-ScBUE
Language of cataloging eng
Description conventions rda
Transcribing agency EG-ScBUE
Modifying agency EG-ScBUE
082 04 - DEWEY DECIMAL CLASSIFICATION NUMBER
Classification number 336.4105
Item number PUB
Edition number 22
245 14 - TITLE STATEMENT
Title The public services yearbook.
Number of part/section of a work 1995/96 /
Statement of responsibility, etc edited by Peter Jackson and Michaela Lavender.
250 ## - EDITION STATEMENT
Edition statement First edition.
264 #1 - PUBLICATION, DISTRIBUTION, ETC. (IMPRINT)
Place of publication, distribution, etc London :
Name of publisher, distributor, etc Chapman & Hall :
-- CIPFA, Public Finance Foundation,
Date of publication, distribution, etc 1995.
300 ## - PHYSICAL DESCRIPTION
Extent vi, 280 pages :
Other physical details illustrations ;
Dimensions 24 cm
336 ## - CONTENT TYPE
Content type term text
Content type code txt
Source rdacontent
337 ## - MEDIA TYPE
Media type term unmediated
Media type code n
Source rdamedia
338 ## - CARRIER TYPE
Carrier type term volume
Carrier type code nc
Source rdacarrier
504 ## - BIBLIOGRAPHY, ETC. NOTE
Bibliography, etc Includes bibliographical references and index.
650 #7 - SUBJECT ADDED ENTRY--TOPICAL TERM
Topical term or geographic name as entry element Finance, Public
Geographic subdivision Great Britain.
Source of heading or term BUEsh
650 #7 - SUBJECT ADDED ENTRY--TOPICAL TERM
Topical term or geographic name as entry element Public service.
Source of heading or term BUEsh
650 #7 - SUBJECT ADDED ENTRY--TOPICAL TERM
Topical term or geographic name as entry element Public administration.
Source of heading or term BUEsh
653 ## - INDEX TERM--UNCONTROLLED
Resource For college BAEPS, Business Administration
Arrived date list September2020
700 1# - ADDED ENTRY--PERSONAL NAME
Personal name Jackson, P. M.
Fuller form of name (Peter McLeod)
Relator term editor.
700 1# - ADDED ENTRY--PERSONAL NAME
Personal name Lavender, Michaela,
Relator term editor.
710 1# - ADDED ENTRY--CORPORATE NAME
Corporate name or jurisdiction name as entry element Public Finance Foundation (Great Britain).
942 ## - ADDED ENTRY ELEMENTS (KOHA)
Source of classification or shelving scheme Dewey Decimal Classification
Koha item type Book - Borrowing

No items available.